Robert Reichmann and Monica Dunn v. Sarah Beveridge and Matthew Gauntlett (Record no. 78096)
[ view plain ]
| 000 -LEADER | |
|---|---|
| fixed length control field | 01722cab a2200217 4500 |
| 001 - CONTROL NUMBER | |
| control field | L136014 |
| 008 - FIXED-LENGTH DATA ELEMENTS--GENERAL INFORMATION | |
| fixed length control field | 070102n2006 000 0 eng u |
| 035 ## - SYSTEM CONTROL NUMBER | |
| System control number | (Sirsi) u136014 |
| 041 0# - LANGUAGE CODE | |
| Language code of text/sound track or separate title | eng |
| 245 00 - TITLE STATEMENT | |
| Title | Robert Reichmann and Monica Dunn v. Sarah Beveridge and Matthew Gauntlett |
| 260 ## - PUBLICATION, DISTRIBUTION, ETC. | |
| Date of publication, distribution, etc. | 2006 |
| 520 ## - SUMMARY, ETC. | |
| Summary, etc. | [2006] EWCA Civ 1659, 13 December 2006. Concerns a case where a tenant failed to pay rent due under a lease, abandoning the premises. The landlord sued for the arrears, seeking a money judgment for the sums due. The tenant served a defence alleging that the landlord had failed to mitigate their loss by failing to market the premises, and failing to accept the offer of a prospective tenant who wanted to take an assignment or new lease, and furthermore failing to accept an offer to negotiate payment of a consideration for a surrender of the lease. "Held": the tenant's argument failed to take into account the consequences of the premature termination of a tenancy or the limited scope for the intervention of equity. A tenant could not successfully invoke equity in that way, "Gator Shipping Corporation v Trans-Asiatic Oil SA and Occidental Shipping Etablissement SA ([1978] 2 Lloyd's Rep 357" considered. |
| 590 ## - LOCAL NOTE (RLIN) | |
| Local note | KA |
| 650 24 - SUBJECT ADDED ENTRY--TOPICAL TERM | |
| Topical term or geographic name entry element | LANDLORD AND TENANT ACT 1985 |
| 650 24 - SUBJECT ADDED ENTRY--TOPICAL TERM | |
| Topical term or geographic name entry element | GATOR SHIPPING CORPORATION V TRANS-ASIATIC OIL V. OCCIDENTAL SHIPPING ESTABLISHMENT |
| 650 24 - SUBJECT ADDED ENTRY--TOPICAL TERM | |
| Topical term or geographic name entry element | REICHMANN AND ANOTHER V BEVERIDGE AND ANOTHER |
| 651 #4 - SUBJECT ADDED ENTRY--GEOGRAPHIC NAME | |
| Geographic name | England |
| Chronological subdivision | 886- |
| 690 ## - LOCAL SUBJECT ADDED ENTRY--TOPICAL TERM (OCLC, RLIN) | |
| Topical term or geographic name as entry element | PROPERTY-COMMERCIAL PROPERTY-LEASEHOLD COMMERCIAL PROPERTY-COMMERCIAL LANDLORD AND TENANT |
| 856 40 - ELECTRONIC LOCATION AND ACCESS | |
| Uniform Resource Identifier | <a href="https://www.bailii.org/ew/cases/EWCA/Civ/2006/1659.html">https://www.bailii.org/ew/cases/EWCA/Civ/2006/1659.html</a> |
| Public note | View the item free of charge at www.bailii.org... |
| 942 ## - ADDED ENTRY ELEMENTS (KOHA) | |
| Suppress in OPAC | 0 |
| Withdrawn status | Lost status | Source of classification or shelving scheme | Damaged status | Not for loan | Home library | Current library | Shelving location | Date acquired | Total Checkouts | Full call number | Barcode | Date last seen | Copy number | Price effective from | Koha item type |
|---|---|---|---|---|---|---|---|---|---|---|---|---|---|---|---|
| Dewey Decimal Classification | Virtual | Virtual | Online | 02/01/2007 | ONLINE PUBLICATION | 136014-2001 | 06/08/2019 | 1 | 06/08/2019 | Journal article |